The Tarjuman al-Quran (Vol-II to III) / (Record no. 215376)
[ view plain ]
| 000 -LEADER | |
|---|---|
| fixed length control field | 00736 a2200169 4500 |
| 003 - CONTROL NUMBER IDENTIFIER | |
| control field | Nust |
| 005 - DATE AND TIME OF LATEST TRANSACTION | |
| control field | 20221207133101.0 |
| 040 ## - CATALOGING SOURCE | |
| Transcribing agency | Nust |
| 082 ## - DEWEY DECIMAL CLASSIFICATION NUMBER | |
| Classification number | 297.122521,AZA |
| 245 ## - TITLE STATEMENT | |
| Title | The Tarjuman al-Quran (Vol-II to III) / |
| Statement of responsibility, etc. | Mawlana Abul Kalam Azad |
| 260 ## - PUBLICATION, DISTRIBUTION, ETC. | |
| Place of publication, distribution, etc. | Lahore |
| Name of publisher, distributor, etc. | Kazi Publications |
| 300 ## - PHYSICAL DESCRIPTION | |
| Extent | xxiii,503. p.; |
| 490 ## - SERIES STATEMENT | |
| Volume/sequential designation | Vol-II to III |
| 505 ## - FORMATTED CONTENTS NOTE | |
| Formatted contents note | Part-1: The cow (Page-3), Part-2: Surat Al Baqarah (Page-57), Part-3: Al-Baqarah (Page-119) Part-4: Al-I-Imran (Page-171), Part-5: Al-Nisa (Page-223), Part-6: The food (Page-277), Part-7: Al-Maida (Page-317), Part-8: The cattle (Page-373), Part-9: Spoils of war (Page-468), Part-10: Spoils of war (Page-487). |
| 650 ## - SUBJECT ADDED ENTRY--TOPICAL TERM | |
| Topical term or geographic name entry element | Quran |
| 9 (RLIN) | 104355 |
| 942 ## - ADDED ENTRY ELEMENTS (KOHA) | |
| Source of classification or shelving scheme | |
| Koha item type | Book |
| Call number prefix | 297.122521,AZA |
| Withdrawn status | Lost status | Source of classification or shelving scheme | Damaged status | Not for loan | Permanent Location | Current Location | Shelving location | Date acquired | Full call number | Barcode | Date last seen | Price effective from | Koha item type | Public note |
|---|---|---|---|---|---|---|---|---|---|---|---|---|---|---|
| Military College of Signals (MCS) | Military College of Signals (MCS) | General Stacks | 12/12/2016 | 297.122521,AZA | MCS31315 | 12/08/2016 | 12/12/2016 | Book | Almirah No.47, Shelf No.3 | |||||
| Military College of Signals (MCS) | Military College of Signals (MCS) | General Stacks | 12/12/2016 | 297.122521,AZA | MCS31316 | 12/08/2016 | 12/12/2016 | Book | Almirah No.47, Shelf No.3 |
